Técnicas instruccionales aplicadas a la educación superior
Guardat en:
| Autors principals: | , , |
|---|---|
| Format: | Llibre |
| Idioma: | espanyol |
| Publicat: |
Ciudad de México
Trillas
1984
|
| Matèries: | |
| Etiquetes: |
Afegir etiqueta
Sense etiquetes, Sigues el primer a etiquetar aquest registre!
|
MARC
| LEADER | 00000nam a2200000 a 4500 | ||
|---|---|---|---|
| 001 | UCW3553 | ||
| 003 | CL-VaPUC | ||
| 008 | 881107e19840000MX |||||||||||||||||spa|d | ||
| 082 | 0 | 4 | |a 378.199 |b ARR |2 21 |
| 100 | 0 | |a Arredondo, Víctor |e author |9 307831 | |
| 700 | 0 | |a Ribes Iñesta, Emilio |e author |9 307832 | |
| 700 | 0 | |a Robles, Elias |e author |9 307833 | |
| 245 | 1 | 0 | |a Técnicas instruccionales aplicadas a la educación superior |
| 300 | |a 227 p | ||
| 942 | |c BK | ||
| 945 | |d 19881107 00:00:00 | ||
| 260 | |a Ciudad de México |b Trillas |c 1984 | ||
| 650 | 0 | |a Currículo |9 307290 | |
| 650 | 0 | |a Educación superior |9 223851 | |
| 583 | |a last modification |c 19881107 00:00:00 |k Rodrigo Vera | ||
| 999 | |c 217521 |d 217519 | ||
| 952 | |0 0 |1 0 |4 0 |6 378_199000000000000_ARR_1984 |7 0 |8 P |9 205324 |a BIBEDU |b BIBEDU |c BIBEDU_PB |d 2019-11-15 |i 2732319 |o 378.199 ARR 1984 |p 2732319 |r 2019-11-15 |w 2019-11-15 |y BK |k EDU | ||